=LDR 00000nam 2200000 4500 =001 INLIS000000000020296 =005 20130612115247 =008 ***********************************ind** =035 ##$$0010-061300000020296 =041 ##$$a ind =082 ##$$a F.Rom.D =090 ##$$a F.Rom.D, Sit s =100 ##$$a Situmorang, Suhunan =245 ##$$a Sordam, Suhunan Situmorang =260 ##$$a 2005 $b Jakarta =300 ##$$a vi, 359 hlm, 19 cm =650 ##$$a Fiksi Dewasa =850 ##$$a NBPNMAT =990 ##$$a 2090100519/BPAP-NTB/2015 =990 ##$$a 0001/BPAP-NTB/2016